Peer-e- Kamil (Record no. 529022)
[ view plain ]
| 000 -LEADER | |
|---|---|
| fixed length control field | 00833nam a22002417a 4500 |
| 003 - CONTROL NUMBER IDENTIFIER | |
| control field | NUST |
| 005 - DATE AND TIME OF LATEST TRANSACTION | |
| control field | 20190918124028.0 |
| 008 - FIXED-LENGTH DATA ELEMENTS--GENERAL INFORMATION | |
| fixed length control field | 150902b xxu||||| |||| 00| 0 eng d |
| 020 ## - INTERNATIONAL STANDARD BOOK NUMBER | |
| International Standard Book Number | 969008868 |
| 038 ## - RECORD CONTENT LICENSOR | |
| Staff Name | MSOHAIL |
| 040 ## - CATALOGING SOURCE | |
| Transcribing agency | NIT-SCEE |
| 082 ## - DEWEY DECIMAL CLASSIFICATION NUMBER | |
| Classification number | 891.4393 |
| Author Mark | AHM |
| 100 ## - MAIN ENTRY--PERSONAL NAME | |
| Personal name | Umera Ahmed |
| 9 (RLIN) | 20888 |
| 245 ## - TITLE STATEMENT | |
| Title | Peer-e- Kamil |
| Statement of responsibility, etc. | Umerah Ahmed |
| 260 ## - PUBLICATION, DISTRIBUTION, ETC. | |
| Date of publication, distribution, etc. | 2005 |
| Place of publication, distribution, etc. | Lahore: |
| Name of publisher, distributor, etc. | Ferozsons (Pvt.)Ltd., |
| 300 ## - PHYSICAL DESCRIPTION | |
| Extent | 525 pages |
| 650 ## - SUBJECT ADDED ENTRY--TOPICAL TERM | |
| Topical term or geographic name entry element | General Book |
| General subdivision | Urdu Literature |
| 9 (RLIN) | 20889 |
| 856 ## - ELECTRONIC LOCATION AND ACCESS | |
| Uniform Resource Identifier | <a href="http://www.amazon.com/Pir-e-Kamil-S-W-Umaira-Ahmad/dp/9637656359/ref=sr_1_1?s=books&ie=UTF8&qid=1455182362&sr=1-1&keywords=peer+e+kamil">http://www.amazon.com/Pir-e-Kamil-S-W-Umaira-Ahmad/dp/9637656359/ref=sr_1_1?s=books&ie=UTF8&qid=1455182362&sr=1-1&keywords=peer+e+kamil</a> |
| 880 ## - ALTERNATE GRAPHIC REPRESENTATION | |
| Linkage | 100-01\(3\r |
| Title | عمیرہ احمد |
| 880 ## - ALTERNATE GRAPHIC REPRESENTATION | |
| Linkage | 245-02\(3\r |
| Title | پیر کامل |
| c | عمیرہ احمد |
| 880 ## - ALTERNATE GRAPHIC REPRESENTATION | |
| Linkage | 260-03\(3\r |
| Title | لاہور: |
| b | فیروز سنز، |
| c | 2015 |
| 942 ## - ADDED ENTRY ELEMENTS (KOHA) | |
| Source of classification or shelving scheme | |
| Koha item type | Book |
| Withdrawn status | Lost status | Source of classification or shelving scheme | Damaged status | Not for loan | Permanent Location | Current Location | Date acquired | Total Checkouts | Full call number | Barcode | Checked out | Date last seen | Date last checked out | Price effective from | Koha item type |
|---|---|---|---|---|---|---|---|---|---|---|---|---|---|---|---|
| School of Civil and Environmental Engineering (SCEE) | School of Civil and Environmental Engineering (SCEE) | 09/18/2019 | 7 | 891.4393 AHM | NIT-10646 | 07/03/2025 | 06/18/2025 | 06/18/2025 | 09/18/2019 | Book |
